Представление документа в формате MARC21

Поле Инд. ПП Название Значение
Тип записи a
Библиографический уровень m
001 Контрольный номер RU/IS/BASE/482413447
005 Дата корректировки 20260605113228.5
097 b Оператор *Ольга*
100 1_ a Автор Осипов С.Ю.
245 10 a Заглавие Экспертиза товаров : методические указания по выполнению лабораторных работ (направление 100700.62 Торговое дело)
b Продолж. заглавия в составе учебно-методического комплекса
c Ответственность Тверской гос. техн. ун-т, Каф. МЕН
260 a Место издания Тверь
b Издательство ТвГТУ
c Дата издания 2012
440 _0 a Серия УМК-ЛР
500 a Примечание 20/2015
516 8_ a Прим. о типе комп. файла/ данных Текст : электронный
535 1_ a Хранилище Сервер
583 a Действие Приписка : УМК
655 a Жанр/ форма (устаревшее) М
773 18 w Контрольный № источника RU/IS/BASE/479316087
w Контрольный № источника 30089670bb88478cbd9ada0122378322
900 a Имя макрообъекта 001-000108027-000000000-0000-0000-01
905 a Дата создания записи 15.04.15
c Дата приписки 05.06.26
922 c Кафедра Менеджмент
951 i EL-ТГТУ? Да
952 g 1
990 j Количество экземпляров (DOS) 1